000 00511nam a2200181Ia 4500
005 20250508153516.0
008 008 250505s9999 xx 000 0 eng d
037 _aBooks to be hide in OPAC
040 _aFEDL
_beng
_cFEDL
041 _aeng
_2eng
084 _a707, UNE/O
_qFEDL
245 0 _aArts and education
245 0 _cUnited Nations Educationa, Scientific and Cultural Organization
300 _a32p.
546 _aWeeded out
942 _cHB
_h707, UNE/O
999 _c1343385
_d1343385